[Event "HCL-C4032"]
[Site "www.playchess.de"]
[Date "2006.01.24"]
[Round "5"]
[White "aussie"]
[Black "garden"]
[WhiteElo "1109"]
[BlackElo "1034"]
[PlyCount "72"]
[Result "0-1"]

1.Nc3 g6 2.b3 Bg7 3.Bb2 e5 4.e4 d6 5.Bc4 Be6 
6.Bxe6 fxe6 7.Nf3 d5 8.exd5 e4 9.Ng1 exd5 10.Rb1 
Qg5 11.g3 Nc6 12.Nh3 Qf5 13.g4 Qf3 14.Nxd5 Qxh1+ 
15.Ke2 Qf3+ 16.Ke1 Qf7 17.c4 Bxb2 18.Rxb2 O-O-O 
19.d3 Qf3 20.Qxf3 exf3 21.Ng5 Re8+ 22.Kd1 Nh6 
23.h3 Nd4 24.Ne3 Re7 25.Ne4 Nf7 26.Kd2 Ne5 27.Nc2 
Ne2 28.Ke3 Ng1 29.Ne1 Nxh3 30.Nxf3 Nxf3 31.Kxf3 
Rf8+ 32.Ke3 Ng5 33.f3 Rxf3+ 34.Kd4 Rd7+ 35.Ke5 
Re7+ 36.Kd4 Rd7+ 0-1

[Event "HCL-A2515"]
[Site "www.playchess.de"]
[Date "2006.01.24"]
[Round "6"]
[White "agmac"]
[Black "taroak"]
[WhiteElo "1620"]
[BlackElo "1399"]
[PlyCount "43"]
[Result "1-0"]

1.e4 c5 2.Nf3 g6 3.d4 cxd4 4.Qxd4 Nf6 5.Nc3 Nc6 
6.Qa4 d5 7.e5 Ne4 8.Nxe4 dxe4 9.Qxe4 Bg7 10.c3 O-O 
11.Bc4 Bf5 12.Qe3 Qc7 13.e6 Rad8 14.exf7+ Kh8 
15.O-O e6 16.Bxe6 Bxe6 17.Qxe6 Rxf7 18.Bg5 Rdf8 
19.Rad1 h6 20.Be3 a6 21.Nh4 R7f6 
22.Nxg6+ 1-0

[Event "HCL-M864"]
[Site "www.playchess.de"]
[Date "2006.01.24"]
[Round "8"]
[White "Gleis3"]
[Black "Nigel"]
[WhiteElo "2025"]
[BlackElo "2126"]
[PlyCount "65"]
[Result "1-0"]

1.d4 {Hello, have a good game}  d5 {Thanks,same to 
you.}  2.Bf4 Bf5 3.e3 Nf6 4.Bd3 Bxd3 5.Qxd3 Nbd7 
6.Nf3 e6 7.O-O Nh5 8.Bg5 f6 9.Bh4 g5 10.Bg3 Nxg3 
11.hxg3 Nb6 12.a4 Qd7 13.a5 Nc4 14.b3 Nd6 15.c4 
dxc4 16.bxc4 Qc6 17.c5 Nf7 18.a6 b6 19.Nc3 g4 
20.d5 exd5 21.Nd4 Ne5 22.Qf5 Qd7 23.Qxf6 Bg7 
24.Qe6+ Qxe6 25.Nxe6 Kf7 26.Nxc7 Rab8 27.cxb6 Rxb6 
28.N3xd5 Rb2 29.Ra4 Rhb8 30.Rf4+ Kg6 31.Ne7+ Kh6 
32.f3 R2b1 33.Ne6 1-0

[Event "HCL-A2451"]
[Site "www.playchess.de"]
[Date "2006.01.24"]
[Round "5"]
[White "kaajmmk"]
[Black "sonnygarcia"]
[WhiteElo "1700"]
[BlackElo "1006"]
[PlyCount "74"]
[Result "0-1"]

1.Nf3 {hello}  e6 2.h3 {You are from the 
Philipines?? Awesome... whats it like 
there?
I live in canada...}  d5 {There is a lot of 
political instability. I hope the residet will be 
unseated soon.}  3.c3 {What happened... we have a 
political scandal going on too... What is a 
residet?? Like a prime minister???..
tell me more of the island you live on... Java?}  
Nf6 {The president admitted rigging the elrctions. 
This is a third world country. Most of the people 
are poor.}  4.Qa4+ {that sucks... but i've been to 
third world countries... and the people are still 
happy with nothing... im technically an orphan... 
it still happens... parents here give their kids 
away... it's sad... how long have been playing 
chess...}  Bd7 {about five years now.. i teach in 
a university. you?}  5.Qc2 {Last year of high 
school...}  Be7 6.d4 O-O 7.Ne5 Be8 8.Bg5 h6 9.Bf4 
Nbd7 10.e3 Nh5 11.Bd3 Nxf4 12.exf4 f6 13.Ng6 Bxg6 
14.Bxg6 f5 15.O-O Nf6 16.Re1 Qd7 17.Na3 Bxa3 
18.bxa3 Ne4 19.Re3 Rf6 20.Rb1 Rxg6 21.Qe2 Qd6 
22.Qh5 Rf6 23.Rxb7 Qxf4 24.Rf3 Qc1+ 25.Kh2 Ng5 
26.Rxc7 Nxf3+ 27.gxf3 Qg5 28.Rxg7+ Qxg7 29.Qh4 Qg5 
30.Qg3 Qxg3+ 31.fxg3 f4 32.g4 Rb8 33.g5 hxg5 34.c4 
dxc4 35.d5 exd5 36.a4 Rb2+ 37.Kg1 
Rxa2 0-1

[Event "HCL-C3993"]
[Site "www.playchess.de"]
[Date "2006.01.24"]
[Round "4"]
[White "qwerty1234567890"]
[Black "keneddy"]
[WhiteElo "800"]
[BlackElo "1357"]
[PlyCount "60"]
[Result "0-1"]

1.d4 d5 2.Bg5 h6 3.Bf4 g5 4.Be5 f6 5.Bg3 Nc6 6.Na3 
Bf5 7.h4 gxh4 8.Bxh4 Nb4 9.c3 e6 10.cxb4 Bxb4+ 
11.Qd2 Bxd2+ 12.Kxd2 Qd6 13.Nb5 Qb4+ 14.Nc3 Qxb2+ 
15.Ke3 Qxc3+ 16.Kf4 Qxa1 17.Bxf6 Nxf6 18.Ke5 Qxf1 
19.Kxf6 Qxg2 20.Rh5 Qg6+ 21.Ke5 Qxh5 22.Kf4 Qg4+ 
23.Ke3 Qxg1 24.a4 Qg5+ 25.f4 Qg3+ 26.Kd2 Qxf4+ 
27.e3 Qf2+ 28.Kc3 Qxe3+ 29.Kb4 Qxd4+ 30.Kb5 
Qb6+ 0-1

[Event "HCL-M848"]
[Site "www.playchess.de"]
[Date "2006.01.24"]
[Round "5"]
[White "Eyechess"]
[Black "Shevarnadse"]
[WhiteElo "2012"]
[BlackElo "1951"]
[PlyCount "129"]
[Result "1/2-1/2"]

1.Nf3 {Greetings and good game to us}  d5 {Hi! 
Good game you}  2.g3 Nf6 3.Bg2 e6 4.O-O Be7 5.d3 
Nc6 6.Nbd2 e5 7.c4 O-O 8.cxd5 Nxd5 9.Nc4 Bf6 
10.Bd2 Be6 11.a3 b5 12.Na5 Nxa5 13.Bxa5 Qd7 14.Rc1 
Rac8 15.e4 Nb6 16.d4 exd4 17.e5 Be7 18.Nxd4 c5 
19.Nxe6 Qxe6 20.Re1 Rfd8 21.Qe2 c4 22.Rcd1 Bc5 
23.Qe4 Rxd1 24.Rxd1 Re8 25.Qc6 Qxe5 26.Re1 Qxe1+ 
27.Bxe1 Rxe1+ 28.Bf1 Re5 29.Qc7 f6 30.Qxa7 h5 
31.Qc7 Kh7 32.Kg2 Rf5 33.f4 Nd5 34.Qc8 Ne3+ 35.Kf3 
Rd5 36.Qc6 Bd4 37.Ke2 Kh6 38.Bg2 Rc5 39.Qd7 Bxb2 
40.Kxe3 c3 41.Qe8 c2 42.Qh8+ Kg6 43.Be4+ f5 
44.Bxc2 Rxc2 45.Qe8+ Kh6 46.Qxb5 Rxh2 47.a4 g6 
48.a5 h4 49.gxh4 Bc1+ 50.Kd3 Rh3+ 51.Kc2 Bxf4 
52.a6 Be3 53.Qb7 Rxh4 54.Kd3 Bg1 55.a7 Bxa7 
56.Qxa7 Re4 57.Qc5 Kh5 58.Qf2 Kg4 59.Qg2+ Kh5 
60.Qh3+ Kg5 61.Qh7 Re1 62.Qc7 Re4 63.Qb6 Kh5 
64.Qf6 Kh6 65.Qa1 {(offering draw)} 
 1/2-1/2

[Event "ACL-A645"]
[Site "www.playchess.de"]
[Date "2006.01.24"]
[Round "8"]
[White "Franciscan"]
[Black "Edik"]
[WhiteElo "1900"]
[BlackElo "1638"]
[PlyCount "87"]
[Result "1-0"]

1.e4 {Many greetings from Czech republic to you. I 
hope we shall have a good game.}  c5 {Thank you 
from Ukraine! Good game you!}  2.Nf3 Nc6 3.d4 cxd4 
4.Nxd4 Nf6 5.Nc3 e5 6.Ndb5 d6 7.Bg5 a6 8.Na3 Be7 
9.Nc4 Nd4 10.Bxf6 Bxf6 11.Nd5 Bg4 12.Qd3 O-O 13.c3 
Nb5 14.a4 Nc7 15.Nxf6+ Qxf6 16.Qxd6 Qxd6 17.Nxd6 
Be6 18.a5 Rfd8 19.Nc4 f6 20.Rd1 Nb5 21.Nb6 Rxd1+ 
22.Kxd1 Rd8+ 23.Kc2 Kf7 24.Bc4 Bxc4 25.Nxc4 Ke6 
26.Rd1 Rxd1 27.Kxd1 f5 28.f3 fxe4 29.fxe4 Nc7 
30.Ke2 Ne8 31.Kd3 Nf6 32.Ne3 g6 33.b4 g5 34.c4 h5 
35.h3 Ne8 36.c5 Kd7 37.g4 hxg4 38.Nxg4 Ke6 39.Kc4 
Nc7 40.c6 bxc6 41.Kc5 Nb5 42.Kxc6 Nc3 43.Ne3 Nb5 
44.Nd5 1-0

[Event "ACL-E209"]
[Site "www.playchess.de"]
[Date "2006.01.24"]
[Round "7"]
[White "wolter"]
[Black "Mercator"]
[WhiteElo "2011"]
[BlackElo "1857"]
[PlyCount "53"]
[Result "1-0"]

1.e4 {Hello again, veel succes en groeten uit 
Vught}  c5 {Ook vanwege mij een prettige partij 
toegewenst}  2.Nf3 e6 3.d4 cxd4 4.Nxd4 Nc6 5.Nc3 
Qc7 6.Be3 a6 7.Be2 Nf6 8.O-O Be7 9.f4 d6 10.Bf3 
O-O 11.Nxc6 bxc6 12.Na4 Bb7 13.Qd3 c5 14.c4 Nd7 
15.Rad1 Rad8 16.b3 Nb8 17.Qc2 Bc6 18.Nc3 Nd7 
19.Rd2 Rdb8 20.Rfd1 Rfd8 21.Bf2 Nf8 22.R2d3 Ng6 
23.Qd2 d5 24.cxd5 c4 25.bxc4 Qxf4 26.dxc6 Qc7 
27.Bg3 1-0

[Event "ACL-E209"]
[Site "www.playchess.de"]
[Date "2006.01.24"]
[Round "2"]
[White "leobor"]
[Black "Mercator"]
[WhiteElo "1911"]
[BlackElo "1857"]
[PlyCount "39"]
[Result "1/2-1/2"]

1.e4 c5 {Nice game to you}  2.Nf3 e6 3.d4 cxd4 
4.Nxd4 a6 5.Bd3 Nc6 6.Nxc6 dxc6 7.Nd2 e5 8.Nc4 Nf6 
9.O-O Qc7 10.Bd2 b5 11.Ne3 Bc5 12.Qf3 O-O 13.Nf5 
Bxf5 14.Qxf5 Rad8 15.a4 Rfe8 16.axb5 axb5 17.Rfd1 
Rd6 18.Be1 Qe7 19.Kh1 Red8 20.Ba5 {(offering 
draw)}  1/2-1/2

[Event "HCL-A2546"]
[Site "www.playchess.de"]
[Date "2006.01.24"]
[Round "19"]
[White "kylejmiles"]
[Black "MimiSiku"]
[WhiteElo "1472"]
[BlackElo "1507"]
[PlyCount "49"]
[Result "1-0"]

1.e4 c6 2.d4 d5 3.exd5 cxd5 4.Nf3 Bf5 5.Bf4 a6 
6.Nbd2 Nc6 7.Be2 Nf6 8.O-O e6 9.Re1 Be7 10.Nf1 O-O 
11.Ng3 Bg4 12.h3 Bxf3 13.Bxf3 b5 14.c3 Nd7 15.Qd2 
a5 16.Qe2 b4 17.Rad1 Nb6 18.Nh5 Nc4 19.b3 Na3 
20.c4 dxc4 21.Bxc6 Rc8 22.d5 c3 23.dxe6 Qb6 
24.exf7+ Rxf7 25.Bd5 1-0

[Event "HCL-C4020"]
[Site "www.playchess.de"]
[Date "2006.01.24"]
[Round "18"]
[White "Mercator"]
[Black "Peter_Richard"]
[WhiteElo "1041"]
[BlackElo "976"]
[PlyCount "44"]
[Result "0-1"]

1.d4 {Nice game for you! greetings, Jef}  d5 
{Thanks, you too!}  2.c4 c6 3.Nf3 Nf6 4.Nc3 dxc4 
{A late Merry Christmas, and a Happy New Year!}  
5.a4 {Thank you, same wiches for you!}  Bf5 6.e3 
e6 7.Bxc4 Bb4 8.O-O O-O 9.Re1 Nbd7 10.e4 Bg4 11.h3 
Bxf3 12.Qxf3 Nb6 13.Bd3 Qxd4 14.Bd2 Nc4 15.Ne2 
Nxd2 16.Nxd4 Nxf3+ 17.Nxf3 Bxe1 18.Rxe1 Rfd8 
19.Bb1 Rd7 20.e5 Nh5 21.g4 Nf4 22.Kh2 
Rad8 0-1

[Event "HCL-A2439"]
[Site "www.playchess.de"]
[Date "2006.01.24"]
[Round "6"]
[White "gambitfan"]
[Black "tarantula197823"]
[WhiteElo "1504"]
[BlackElo "1700"]
[PlyCount "53"]
[Result "1-0"]

1.e4 c5 2.Nf3 Nc6 3.d4 cxd4 4.Nxd4 Nf6 5.Nc3 a6 
6.Nxc6 bxc6 7.e5 Nd5 8.Nxd5 cxd5 9.Qxd5 Rb8 10.Bc4 
e6 11.Qf3 Bb7 12.Qg3 Bd5 13.Bb3 Qa5+ 14.Bd2 Qb5 
15.Bc3 g6 16.O-O-O Bh6+ 17.Kb1 Bc6 18.Rhg1 a5 
19.a4 Qc5 20.Bd4 Qb4 21.Bc3 Qc5 22.Rd4 Bg7 23.Rc4 
Qb6 24.Rd1 O-O 25.Bd4 Qb7 26.Qc3 Qc7 
27.f4 1-0

[Event "HCL-B3765"]
[Site "www.playchess.de"]
[Date "2006.01.24"]
[Round "13"]
[White "Korto"]
[Black "wshlj3"]
[WhiteElo "1266"]
[BlackElo "1204"]
[PlyCount "48"]
[Result "0-1"]

1.d4 d5 2.Nf3 Nc6 3.e3 Nf6 4.Bd3 Bg4 5.Nbd2 e6 
6.c3 Bd6 7.O-O O-O 8.Qc2 Re8 9.Re1 e5 10.dxe5 Nxe5 
11.Nxe5 Bxe5 12.e4 c5 13.exd5 Qxd5 14.Nc4 Bxh2+ 
15.Kf1 Rxe1+ 16.Kxe1 Qxg2 17.Be3 Re8 18.Kd2 Nd5 
19.Re1 Rxe3 20.Nxe3 Qxf2+ 21.Be2 Qxe3+ 22.Kd1 
Bxe2+ 23.Qxe2 Bf4 24.Rh1 Qc1+ 0-1

[Event "HCL-C3952"]
[Site "www.playchess.de"]
[Date "2006.01.24"]
[Round "8"]
[White "Idris"]
[Black "tusnelda"]
[WhiteElo "885"]
[BlackElo "1112"]
[PlyCount "84"]
[Result "0-1"]

1.e4 {Hello}  e5 {Hi}  2.Nf3 d6 3.d3 Nc6 4.Be2 Bg4 
5.Be3 Nf6 6.Nbd2 Be7 7.O-O O-O 8.c4 Nd4 9.Bxd4 
Bxf3 10.Nxf3 exd4 11.Nxd4 c5 12.Nb5 a6 13.Nc3 Nd7 
14.Nd5 Bg5 15.f4 Bh6 16.f5 Ne5 17.f6 g6 18.Bg4 b5 
19.cxb5 Nxg4 20.Qxg4 axb5 21.Rf2 c4 22.d4 Ra4 
23.Nc3 Ra5 24.d5 Be3 25.Qh4 Bxf2+ 26.Qxf2 b4 
27.Nd1 Re8 28.Qh4 Qb6+ 29.Kf1 Qd4 30.Rc1 Rxe4 
31.Qh6 Qxf6+ 32.Nf2 Rxd5 33.Re1 Rxe1+ 34.Kxe1 Qxb2 
35.Qe3 Qc3+ 36.Ke2 Qxe3+ 37.Kxe3 b3 38.axb3 cxb3 
39.Nd3 f5 40.Nf4 Rb5 41.Nd3 h5 42.Nf4 
b2 0-1

[Event "HCL-A2540"]
[Site "www.playchess.de"]
[Date "2006.01.24"]
[Round "14"]
[White "padre"]
[Black "mrchess"]
[WhiteElo "1373"]
[BlackElo "1433"]
[PlyCount "42"]
[Result "0-1"]

1.e4 c5 2.Nf3 Nc6 3.d4 cxd4 4.Nxd4 d6 5.Nc3 Nf6 
6.f3 g6 7.Bc4 Bg7 8.Be3 O-O 9.Qd2 a6 10.h4 Qc7 
11.O-O-O b5 12.Bb3 Na5 13.g4 Nc4 14.Bxc4 Qxc4 
15.Bh6 b4 16.b3 Qc7 17.Nd5 Nxd5 18.Bxg7 Kxg7 
19.exd5 Qc5 20.h5 Qc3 21.hxg6 Qa1+ 0-1

[Event "HCL-E1535"]
[Site "www.playchess.de"]
[Date "2006.01.24"]
[Round "15"]
[White "ippuli"]
[Black "alldrix"]
[WhiteElo "1614"]
[BlackElo "1600"]
[PlyCount "74"]
[Result "0-1"]

1.e4 {Hello! Good luck...}  e6 {hello! likewise!}  
2.d4 d5 3.e5 c5 4.Qg4 Nc6 5.Nf3 cxd4 6.Bd3 Nge7 
7.Bg5 Qc7 8.O-O Ng6 9.Re1 Be7 10.Bxg6 fxg6 11.Bxe7 
Qxe7 12.Na3 O-O 13.Nxd4 Nxd4 14.Qxd4 Bd7 15.c4 Bc6 
16.c5 Rf7 17.b4 a6 18.Re3 Raf8 19.Rf1 R7f4 20.Qd3 
Rxb4 21.Qc3 Rbf4 22.Rh3 Qg5 23.Rg3 Rg4 24.Nc2 Rxg3 
25.Qxg3 Qxg3 26.fxg3 Rxf1+ 27.Kxf1 Kf7 28.Nd4 g5 
29.Ke2 h5 30.Kd3 Bb5+ 31.Nxb5 axb5 32.Kc3 Kg6 
33.a3 {(offering draw)}  Kf5 34.Kd4 g4 35.h3 gxh3 
36.gxh3 g5 37.c6 bxc6 0-1

[Event "HCL-A2562"]
[Site "www.playchess.de"]
[Date "2006.01.24"]
[Round "6"]
[White "Salsa"]
[Black "vega3"]
[WhiteElo "1200"]
[BlackElo "1421"]
[PlyCount "20"]
[Result "0-1"]

1.e3 e5 2.Qh5 Nc6 3.Bc4 d5 4.Bb3 Nf6 5.Qe2 a6 
6.Nf3 Bg4 7.d3 e4 8.dxe4 dxe4 9.Qc4 Qd7 10.Ng5 
Qd1+ 0-1

[Event "HCL-B3752"]
[Site "www.playchess.de"]
[Date "2006.01.24"]
[Round "8"]
[White "haidi"]
[Black "ArthurDent"]
[WhiteElo "1200"]
[BlackElo "1006"]
[PlyCount "112"]
[Result "0-1"]

1.d4 d5 2.Nc3 Nf6 3.h3 Nc6 4.Nf3 e6 5.Bf4 a6 6.e3 
Bb4 7.Qd2 Ne4 8.Qd3 O-O 9.h4 Qe8 10.Bxc7 Nxd4 
11.Qxd4 Qc6 12.Ng5 Nxc3 13.Qxb4 Qxc7 14.bxc3 a5 
15.Qd4 e5 16.Qd3 e4 17.Qd4 h6 18.Nh3 a4 19.c4 f5 
20.Qxd5+ Kh7 21.Nf4 Rd8 22.Qb5 Ra5 23.Qb2 a3 
24.Qb4 b6 25.Qc3 Qd7 26.Nd5 Qd6 27.Nf4 Ra4 28.Nh5 
Qb4 29.Qxb4 Rxb4 30.Be2 Rb2 31.O-O Rxc2 32.Nf4 g5 
33.Bd1 Rxc4 34.Nh5 Be6 35.Bb3 Rc6 36.Bxe6 Rxe6 
37.Rac1 Rd2 38.Rc3 Rxa2 39.hxg5 hxg5 40.Rc7+ Kg6 
41.Ng7 Rd6 42.g3 Rad2 43.Ne8 R6d3 44.Rc6+ Kf7 
45.Nf6 b5 46.Nh5 R2d1 47.Rf6+ Ke7 48.Rxf5 b4 
49.Ra5 Rxf1+ 50.Kxf1 b3 51.Rxa3 b2 52.Ra2 b1Q+ 
53.Kg2 Qxa2 54.g4 Rxe3 55.Nf4 gxf4 56.g5 
Rg3+ 0-1

[Event "HCL-C4070"]
[Site "www.playchess.de"]
[Date "2006.01.24"]
[Round "4"]
[White "Kirill1"]
[Black "Kelthek"]
[WhiteElo "800"]
[BlackElo "589"]
[PlyCount "65"]
[Result "1-0"]

1.e4 e5 2.Qh5 g6 3.Qxe5+ Ne7 4.Qxh8 d5 5.Bd3 dxe4 
6.Bxe4 Nf5 7.d4 Nxd4 8.Na3 Qe7 9.Qxd4 Nc6 10.Qa4 
Bd7 11.Nb5 Qh4 12.Nxc7+ Kd8 13.Nf3 Qg4 14.Nxa8 Bc5 
15.Bg5+ Ne7 16.O-O-O Ke8 17.Qc4 Bxf2 18.Nc7+ Kf8 
19.Bxe7+ Kxe7 20.h3 Qxg2 21.Nd5+ Ke8 22.Ne5 Qg5+ 
23.Kb1 Qxe5 24.Nc7+ Kd8 25.Rxd7+ Kxd7 26.Qxf7+ Kd6 
27.Rd1+ Bd4 28.c3 Qxe4+ 29.Ka1 Qc2 30.Rxd4+ Kc6 
31.Qd7+ Kb6 32.Rb4+ Kc5 33.Qd5+ 1-0

[Event "HCL-B3801"]
[Site "www.playchess.de"]
[Date "2006.01.24"]
[Round "2"]
[White "haidi"]
[Black "eisbaer17"]
[WhiteElo "861"]
[BlackElo "1210"]
[PlyCount "102"]
[Result "0-1"]

1.e4 c5 2.d4 cxd4 3.Qxd4 Nc6 4.Qe3 a6 5.Nc3 e5 
6.Bd2 Bb4 7.Nd5 Bxd2+ 8.Qxd2 Nf6 9.Bd3 d6 10.Nf3 
O-O 11.O-O-O Be6 12.c4 b5 13.a3 Bg4 14.Qe3 Bxf3 
15.Qxf3 Nd4 16.Qg3 bxc4 17.Bxc4 Nxd5 18.Bxd5 Rc8+ 
19.Kb1 Qb6 20.f4 Ne2 21.Qd3 Nc3+ 22.Kc2 Nxd5+ 
23.Kb1 Nxf4 24.Qf3 Rc3 25.Qxc3 Ne2 26.Qd2 Nd4 
27.Rhf1 Qb7 28.Qd3 Rb8 29.Rf2 a5 30.Rc1 Nb3 31.Rc3 
Nc5 32.Qxd6 Nxe4 33.Qc6 Qxc6 34.Rxc6 Nxf2 35.Rc5 
Nd3 36.Rc2 Rxb2+ 37.Rxb2 Nxb2 38.Kxb2 e4 39.Kc1 f5 
40.Kd1 Kf7 41.Ke2 Kf6 42.Ke3 Ke5 43.g3 g5 44.a4 
f4+ 45.gxf4+ gxf4+ 46.Ke2 h5 47.h3 h4 48.Kf2 Kd4 
49.Ke2 Kc3 50.Kf2 Kd2 51.Kg2 e3 0-1

[Event "HCL-C4013"]
[Site "www.playchess.de"]
[Date "2006.01.24"]
[Round "3"]
[White "willi_weizenkeim"]
[Black "Grunert"]
[WhiteElo "1041"]
[BlackElo "929"]
[PlyCount "128"]
[Result "0-1"]

1.c4 e5 2.e3 d6 3.d4 exd4 {was ist das denn für 
eine miese eröffnung???}  4.Qxd4 {och :-)}  Nc6 
5.Qc3 Nf6 6.Nf3 b6 7.Bd3 Bb7 8.O-O {das andere 
spiel war aber schnell zuende}  Be7 {wolltw mich 
ganz auf dieses hier konzentrieren}  9.e4 {gut ! 
:)}  h6 10.b4 O-O 11.b5 Nb8 12.Nbd2 Nbd7 13.Nd4 
Nc5 14.Nc6 Bxc6 15.Nf3 Bxe4 16.Bxh6 gxh6 17.Bxe4 
Nfxe4 18.Qe3 Bg5 19.Qd4 Bf6 {sieht ja mies für 
dich aus!}  20.Qe3 {jaaaaaaa *seufz*}  Bg7 21.Rae1 
Nf6 22.Nd4 Re8 23.Qg3 Rxe1 24.Rxe1 Qd7 25.Nc6 
{(offering draw)}  Re8 {nö}  26.Rd1 {aber jammer 
nachher nicht ! :-)}  Qe6 27.h3 Qxc4 28.Nd4 Ne6 
29.Nf5 Qf4 30.Qxf4 Nxf4 {da isse wech!}  31.g3 
Nxh3+ {schlägst dich aber recht wacker!!!}  32.Kg2 
{nicht unken}  Ng5 {schon alle geschenke?}  33.f4 
{jep, fehlt blos noch das schleifchen um meinen 
hals :-)}  Re2+ 34.Kf1 Rxa2 35.fxg5 hxg5 36.Rc1 
Nd5 37.g4 Ra1 38.Rxa1 Bxa1 39.Ke2 Nc3+ 40.Kd3 Nxb5 
41.Kc4 Na3+ 42.Kb3 Nb1 43.Ka2 Bf6 44.Kxb1 d5 
45.Kc2 Kf8 46.Kd3 Ke8 47.Kc2 Kd7 48.Kb3 Kc6 49.Ne3 
Kc5 50.Nc2 a5 51.Ka4 d4 52.Nxd4 Kxd4 53.Kb5 Ke4 
54.Ka4 Kf4 55.Kb3 Kxg4 {man, gib uff}  56.Kc2 Kf4 
57.Kd2 a4 58.Kc2 g4 59.Kb1 g3 60.Ka2 g2 61.Ka3 g1Q 
{Jawoll - endlich durch!}  62.Kxa4 {:-)}  Qb1 
63.Ka3 Bc3 64.Ka4 Qb4+ {Bis bald!!!} 
 0-1

[Event "HCL-A2501"]
[Site "www.playchess.de"]
[Date "2006.01.24"]
[Round "9"]
[White "Toren1"]
[Black "kali"]
[WhiteElo "1700"]
[BlackElo "1456"]
[PlyCount "45"]
[Result "1-0"]

1.d4 Nf6 2.c4 e6 3.Nf3 b6 4.a3 Bb7 5.Nc3 c5 6.d5 
exd5 7.cxd5 d6 8.e4 Be7 9.Bd3 Nbd7 10.O-O O-O 
11.Re1 a6 12.a4 Rc8 13.h3 Re8 14.Bf4 Bf8 15.e5 
dxe5 16.Nxe5 Nxe5 17.Bxe5 Bd6 18.Bxd6 Qxd6 19.Bc4 
Rxe1+ 20.Qxe1 Re8 21.Qd2 Rd8 22.Rd1 Qf4 
23.Qxf4 1-0

[Event "HCL-A2418"]
[Site "www.playchess.de"]
[Date "2006.01.24"]
[Round "24"]
[White "Jule"]
[Black "tiit145"]
[WhiteElo "1372"]
[BlackElo "1572"]
[PlyCount "163"]
[Result "1-0"]

1.c4 {Hello, I wish good luck while this game}  
Na6 {Hello!Greetings from Estonia Tallinn,good 
luck.Tiit}  2.e4 e5 3.Nf3 d6 4.Nc3 Nf6 5.Be2 Nc5 
6.d3 c6 7.O-O Be7 8.h3 O-O 9.b4 Ne6 10.Be3 d5 
11.cxd5 Nc7 12.dxc6 bxc6 13.Bc5 Bxc5 14.bxc5 Na6 
15.Nxe5 Qd4 16.Nxc6 Qxc5 17.Nxa7 Rxa7 18.Qd2 Rd8 
19.a3 Rc7 20.Rfc1 Qe5 21.Rab1 Nxe4 22.Nxe4 Qxe4 
23.Rxc7 Nxc7 24.Qc2 Qe7 25.Rc1 Ne6 26.Bg4 Ba6 
27.Bf5 Nd4 28.Qa4 Bxd3 29.Bxd3 Qg5 30.Rd1 g6 
31.Bxg6 Nf3+ 32.Kh1 Rxd1+ 33.Qxd1 Nh4 34.Be4 f5 
35.Qd5+ Kg7 36.Qd7+ Kh6 37.Qe6+ Kg7 38.Bd5 Ng6 
39.Qf7+ Kh6 40.a4 Qc1+ 41.Kh2 Qf4+ 42.Kg1 Qxa4 
43.Qxf5 Qf4 44.Qxf4+ Nxf4 45.Be4 Ne2+ 46.Kf1 Nf4 
47.f3 Ne6 48.Kf2 Nf8 49.f4 Kh5 50.g4+ Kh4 51.Kg2 
h6 52.f5 Nh7 53.Kh2 Ng5 54.Bg2 {I wish happy 
Chritmas. All your wishes ´ld like to arrive you 
and your family}  Nh7 {Hello!I wish you and your  
family of the same.Happy Chritmas.Tiit}  55.Bf1 
{Thank you very much}  Nf6 56.Kg2 Nh7 57.Kf2 Ng5 
58.Ke3 Nh7 59.Kf4 Nf6 60.Ke5 Nh7 61.f6 Kg3 
{Hello!Merry Christmas!&Happy New Year! Tiit}  
62.Bd3 {thank you, likewise a happy new year.}  
Ng5 63.Bg6 Kxh3 64.Kf5 Kg3 65.Bh5 Nh7 66.Kg6 Ng5 
67.Kxh6 Kf4 68.Kg6 Ne6 69.f7 Ke5 70.Kh7 Kf6 71.Kg8 
Ke7 72.g5 Nf8 73.g6 Nd7 74.Kh8 Nf6 75.g7 Nxh5 
76.f8Q+ Ke6 77.g8Q+ Ke5 78.Qg5+ Ke4 79.Qb4+ Kd3 
80.Qxh5 Kc2 81.Qe2+ Kc1 82.Qbe1+ 1-0

[Event "HCL-B3779"]
[Site "www.playchess.de"]
[Date "2006.01.24"]
[Round "6"]
[White "eisbaer17"]
[Black "bob19"]
[WhiteElo "1200"]
[BlackElo "1414"]
[PlyCount "81"]
[Result "1-0"]

1.e4 e5 2.Nf3 Nc6 3.Bb5 d6 4.h3 Bd7 5.c3 Nf6 6.Qc2 
a6 7.Ba4 Be7 8.d3 b5 9.Bb3 Na5 10.Be3 Nxb3 11.Qxb3 
Be6 12.Qc2 c5 13.b3 O-O 14.d4 exd4 15.cxd4 cxd4 
16.Nxd4 Bd7 17.Nd2 Rc8 18.Qd3 Qa5 19.O-O Rc3 
20.Qe2 Qa3 21.b4 Rfc8 22.Nb1 Qxb4 23.Nxc3 Qxc3 
24.Rfc1 Qa3 25.Rxc8+ Bxc8 26.Qc2 Be6 27.Nxe6 fxe6 
28.Qc8+ Kf7 29.Bg5 Qb2 30.Qc1 Qxc1+ 31.Rxc1 Nxe4 
32.Bxe7 Kxe7 33.Rc7+ Kf6 34.f3 Nc5 35.Rc6 Ke5 
36.g3 h5 37.Kg2 g5 38.Rc8 b4 39.Rg8 Kf5 40.Rb8 a5 
41.Rb5 1-0

[Event "HCL-A2563"]
[Site "www.playchess.de"]
[Date "2006.01.24"]
[Round "6"]
[White "Andy1"]
[Black "errantknight"]
[WhiteElo "1475"]
[BlackElo "1218"]
[PlyCount "73"]
[Result "1-0"]

1.e4 e5 2.Nf3 d6 3.d4 Be7 4.Bd3 Bg4 5.c3 exd4 
6.cxd4 Nc6 7.Bb5 Bd7 8.O-O Nb8 9.Qb3 c6 10.Bc4 Be6 
11.Bxe6 fxe6 12.Qxb7 Nd7 13.Qxc6 Rc8 14.Qa4 Ra8 
15.Nc3 Ngf6 16.Re1 O-O 17.Qb3 d5 18.exd5 Nxd5 
19.Rxe6 Nxc3 20.bxc3 Kh8 21.Ba3 Bxa3 22.Qxa3 Nf6 
23.Rae1 h6 24.Ne5 Kh7 25.Qb3 Re8 26.Qc2+ Kg8 
27.Rxe8+ Qxe8 28.Qg6 Qe7 29.Nf3 Qd7 30.h3 Rc8 
31.Rc1 Qb5 32.Ne5 Qb2 33.Qc2 Qb7 34.Qb3+ Nd5 
35.Qxb7 Rd8 36.Nc6 Rd6 37.Qb8+ 1-0

[Event "HCL-T261"]
[Site "www.playchess.de"]
[Date "2006.01.24"]
[Round "6"]
[White "Ezechiel"]
[Black "reddog"]
[WhiteElo "1765"]
[BlackElo "1775"]
[PlyCount "62"]
[Result "1/2-1/2"]

1.e4 c5 2.Nf3 d6 3.d4 cxd4 4.Nxd4 Nf6 5.Nc3 g6 
6.Bb5+ Nbd7 {Hello Michael, have a good game}  
7.O-O Bg7 8.Bg5 O-O 9.Qd2 {Now that the formal 
part is over: Have fun with this match!}  a6 
10.Bc4 Qb6 11.Nb3 Ne5 12.Be2 Be6 13.Nd4 Nc4 
14.Bxc4 Bxc4 15.Rfd1 Rac8 16.b3 Be6 17.Na4 Qc7 
18.c4 Nxe4 19.Qe3 Nxg5 20.Qxg5 Bd7 21.Nc3 {I don't 
get time to regroup ... :-(}  Qc5 {Your Knight is 
more active on c3, but I feel cramped so I offer 
you an exchange}  22.Qh4 {The problem is that if 
you take back with d6 I'm immediately under 
attack. So no exchange on c5, sorry :-}}  g5 {yes 
that's very true, I did not think you would 
exchange}  23.Qe4 f5 24.Qd5+ {You still play very 
aggressive - I don't have a second to regroup :-(} 
 e6 {I feel rightly or wrongly that I've a slight 
advantage and must continue to put pressure on 
your position}  25.Qxc5 {So now I can take away 
some pressure ... or so I think ?-)}  dxc5 {I was 
reading an article about endgames which analysed 
the two Rooks verses two Bishops scenario - and 
trying to apply what was suggested you should have 
a slight advantage with the amount of pawns still 
on the board. Yes there is now less pressure...}  
26.Nde2 {Two *knights* vs. two bishops you meant 
...? I feel that I have a flexible structure now. 
The lost pawn should not be too much of a problem 
- maybe a quick knight can find compensation for 
that. We'll see.}  Rcd8 {Yes indeed a typo error- 
well, ok I admit it I was not thinking while 
typing,hey it's a good job i'm not in control of 
the UK's nuclear weapons I'd be Mr.G.W.Bush the 
2nd! but yes you are right with your analysis}  
27.Rd3 Bxc3 28.Nxc3 Bc6 29.Rad1 Rxd3 30.Rxd3 Kf7 
31.Na4 Bxa4 {(offering draw)}  1/2-1/2

[Event "HCL-B3756"]
[Site "www.playchess.de"]
[Date "2006.01.24"]
[Round "10"]
[White "nichju"]
[Black "unclcarle"]
[WhiteElo "884"]
[BlackElo "1099"]
[PlyCount "71"]
[Result "0-1"]

1.e4 {Hi, nice to meet you}  e5 {Greetings from 
NYC.  Have a great game}  2.Nf3 {Greetings from 
allendorf near frankfurt}  d6 {How is the weather 
there this time of year?}  3.Bc4 {It is winter. 
Today the sun is shining but it is cold.}  Bg4 
{Thank you.  Tomorrow, we get the coldest weather 
of the year so far.  Dowm to 20 degrees.}  4.Nc3 
Nf6 5.h3 Bxf3 6.Qxf3 Be7 7.Nd5 Nc6 8.d3 Nd4 9.Qd1 
b5 10.Bb3 Nxb3 11.cxb3 c6 12.Nb4 Qb6 13.Be3 c5 
14.a4 Qa5 15.Bd2 cxb4 16.Rc1 bxa4 17.O-O O-O 18.f4 
axb3 19.Rc4 d5 20.Rc6 Bc5+ 21.Kh1 Qb5 22.exd5 Nxd5 
23.Rh6 gxh6 24.Qg4+ Kh8 25.fxe5 Qxd3 26.Qd1 Rfg8 
27.Rxf7 Rgf8 28.e6 Bd6 29.Qg4 Rxf7 30.Bf4 Qf1+ 
31.Kh2 Bxf4+ 32.g3 Bxg3+ 33.Qxg3 Rf2+ 34.Qxf2 
Qxf2+ 35.Kh1 Rg8 {good game}  36.h4 0-1